000 00964cam a2200265 a 4500
020 _a0027245950
040 _cDLC
082 0 0 _a333 MAX 1993 A015 Or.
100 1 _aCossi, Olga.
245 1 0 _aWater wars :
_bthe fight to control and conserve nature's most precious resource /
250 _a1st ed.
260 _aNew York :
_bNew Discovery Books ;
_aToronto :
_bMaxwell Macmillan Canada ;
_aNew York :
_bMaxwell Macmillan International,
_cc1993.
300 _a127 p. ;
_c24 cm.
500 _a"An Earthcare book."
520 _aDiscusses water's sources, uses, and shortages; water quality problems and management programs; and what individuals can do to ensure cleaner water.
650 0 _aWater-supply
650 0 _aWater quality
650 0 _aWater conservation
650 1 _aWater.
650 1 _aWater supply.
650 1 _aWater quality management.
650 1 _aWater conservation.
650 1 _aConservation of natural resources.
942 _cEK
999 _c11476
_d11476